Water chemistry : green science and technology of nature's most renewable resource

Main Author: Manahan, Stanley E.
Language:English
Published: Boca Raton, FL: CRC Press (Taylor & Francis Group, LLC), 2011.
Subjects:
LEADER 00772cam a2200205 7i4500
001 0000098293
005 20140415090000.0
008 100303s2011 flu 0 eng
020 # 0 |a 9781439830680  
090 0 0 |a TD 193   |b .M33 2011 
100 1 # |a Manahan, Stanley E.  
245 1 0 |a Water chemistry :   |b green science and technology of nature's most renewable resource   |c Stanley E. Manahan. 
260 # # |a Boca Raton, FL:   |b CRC Press (Taylor & Francis Group, LLC),   |c 2011. 
300 # # |a xvii, 398 p.:   |b ill., maps;   |c 24 cm.. 
504 0 0 |a Includes bibliographical references and index 
590 # # |a Pusat Pengajian Sains Asas 
650 0 0 |a Water --   |x Pollution  
650 0 0 |a Environmental chemistry  
650 0 0 |a Water chemistry  
999 |a 1100085935  |b Book  |c Open Shelf  |e KOLEKSI TERBUKA